00710cam a2200229 a 4500001000800000005001700008008004100025010001700066020003300083040001800116041000800134080001100142082001500153100000700168101000800175245004000183504006600223906004500289942001200334999001700346952011700363256161720180814052518.0950731s1996 maua b 001 0 eng  a 95036691  a0262210134 (hc : alk. paper) aDLCcDLCdDLC aeng a152.1400a152.142201 a55 aSTA10aHigh-level vision :cShimon Ullman. aIncludes bibliographical references (p. [383]-406) and index. a7bcbccorignewd1eocipf19gy-gencatlg 2ddccBK c47107d47107 00102ddc40708PËKGa002b002cPËKGd2018-08-14l0o152.14 ULLp002-3011786r2018-08-14w2018-08-14yBK